Divadlo bez kostýmov. Zv. 15/2 Slovenské pôvodné rozhlasové hry

Bibliographic Details
Main Author: Vdovják, Ján, 1928-2007 (Author, Compiler, [ADC])
Format: Book
Language:Slovak
PhysicalDescription:216 s., 6,43 AH 20 cm
Published: Bratislava Lita 1983
Edition:1. vyd.

MARC

LEADER 00000nam a2200000 a 4500
001 vtls001091638
003 SK-MaSNL
005 20260413115244.0
008 250414s1983 xo 0 slo
015 |a SNBA1983/06 
035 |a SNK000034480 
040 |a SNK  |b slo  |c SNK  |e AACR2 
041 0 |a slo 
044 |a xo  |c SK 
080 |a 885.4-2(08)  |2 1981 
080 |a 82  |2 1981 
080 |a 792.2.096  |2 1981 
100 1 |a Vdovják, Ján,  |d 1928-2007  |4 aut  |9 18521 
245 1 0 |a Divadlo bez kostýmov. Zv. 15/2  |b Slovenské pôvodné rozhlasové hry  |c Ján Vdovják ; Ján Vdovják, Ján Vdovják 
250 |a 1. vyd. 
260 |a Bratislava  |b Lita  |c 1983  |e Bratislava  |f LITA 
300 |a 216 s., 6,43 AH  |c 20 cm 
366 |e 28 Kčs. 
500 |a Rozmn. 
700 1 |a Vdovják, Ján,  |d 1928-2007  |4 com  |9 18521 
700 1 |a Vdovják, Ján,  |d 1928-2007  |4 [ADC]  |9 18521 
852 |a Slovenská národná knižnica 
958 |a LX 
958 |a TL 
958 |a OND 
999 |c 613774  |d 615704 
952 |t P60, <04>, [BOOK], {604}  |a SNK  |b SNK  |y VYP  |7 0  |p 17A0248778  |o snkSD 26042/15/2 D1  |0 0  |1 0  |4 0  |d 2000-08-16  |l 0  |r 2004-12-31 00:00:00  |w 2026-02-23